Personnages Ma vie avec les walter boys - Statistiques

Statistiques générales
  • Ce quiz a été pris 3 fois
  • Le résultat moyen est 9 sur 18
Statistiques - réponses
Par images Réponse % Correct
Cole
100%
George
100%
Nathan
100%
Alex
50%
Danny
50%
Dylan
50%
Erin
50%
Jackie
50%
Jordan
50%
Katherine
50%
Kiley
50%
Lee
50%
Richard
50%
Skylar
50%
Will
50%
hayley
0%
Nikhil
0%
tara
0%
Aucun quiz correspondant
Distribution des résultats
% des personnes avec chaque résultat
Percentile par nombre de réponses
Votre historique - résultats
Vous n’avez pas pris ce quiz